[Event "Posadas op"]
[Site "Posadas"]
[Date "2022.10.29"]
[Round "1"]
[White "Cirilli, Luis Mariano"]
[Black "Ibanez, Kevin"]
[Result "0-1"]
[WhiteElo "1746"]
[BlackElo "1370"]
[PlyCount "72"]
[EventDate "2022.10.29"]
[EventType "swiss"]
[EventRounds "6"]
[EventCountry "ARG"]
[SourceTitle "EXT 2024"]
[Source "ChessBase"]
[SourceDate "2023.10.10"]
[SourceVersion "1"]
[SourceVersionDate "2023.10.10"]
[SourceQuality "1"]

1. d4 d5 2. Nf3 e6 3. c4 Nf6 4. Bg5 Be7 5. e3 0-0 6. Nc3 dxc4 7. Bxc4 b6 8. 0-0 Bb7 9. Rc1 Nbd7 10. a3 c5 11. dxc5 Nxc5 12. Qe2 a6 13. Rfd1 Qc7 14. b4 Ncd7 15. Nd4 Rfc8 16. Na2 Qe5 17. f4 Qe4 18. Bd3 Qd5 19. Nc3 Qd6 20. Be4 Bxe4 21. Nf5 Bxf5 22. Rxd6 Bxd6 23. e4 Nxe4 24. Na2 Rxc1+ 25. Nxc1 Nxg5 26. fxg5 b5 27. Qd2 Rc8 28. Nb3 Rc6 29. Nd4 Rb6 30. Qe3 Bf8 31. h3 Rd6 32. g4 Bg6 33. h4 Nb6 34. h5 Nc4 35. Qf2 Bc2 36. g6 hxg6 0-1